| 000 | 00727nam a2200205 i 4500 | ||
|---|---|---|---|
| 001 | bg | ||
| 100 | 1 | _aOSMULSKA-MRÓZ, Barbara | |
| 245 | 1 | 0 |
_aPrognozowanie i ochrona jakości wód powierzchniowych na terenach miejskich / _cBarbara Osmulska-Mróz ; Instytut Ochrony Środowiska. |
| 260 |
_aWarszawa : _bIOŚ, _c1992. |
||
| 300 |
_a103, [1] s., [1] k. tabl. : _bfot., rys., wykr. ; _c24 cm. |
||
| 504 | _aBibliogr. s. 100-103. - Summ. | ||
| 650 | 9 |
_aMiasta _xhydrologia _xzagadnienia |
|
| 650 | 9 |
_aWody śródlądowe _xhigiena _xprognozy |
|
| 650 | 9 |
_aWody śródlądowe _xochrona |
|
| 040 | _cBPK | ||
| 041 | 0 | _apl | |
| 080 | _a504.4.06(028):556.5:614.7](1-21) | ||
| 942 | _cKS | ||
| 008 | s pl f |000 0 pol | ||
| 999 |
_c30420 _d30420 |
||
| 856 |
_uhttp://koha.tu.koszalin.pl/cgi-bin/koha/opac-detail.pl?biblionumber=30420 _yKatalog online BPK |
||